[Event "VIE-ch U11 Girls"]
[Site "Ho Chi Minh City"]
[Date "2014.07.15"]
[Round "5"]
[White "Huynh, Thanh Thy"]
[Black "Le, Nguyen Uyen Phuong"]
[Result "1-0"]
[WhiteElo "1709"]
[BlackElo "1720"]
[PlyCount "59"]
[EventDate "2014.07.13"]
[EventType "swiss"]
[EventRounds "9"]
[EventCountry "VIE"]
[SourceTitle "EXT 2016"]
[Source "ChessBase"]
[SourceDate "2015.10.08"]
[SourceVersion "1"]
[SourceVersionDate "2015.10.08"]
[SourceQuality "1"]

1. e4 e5 2. Nf3 Nc6 3. Bc4 Bc5 4. c3 Nf6 5. d4 exd4 6. e5 Qe7 7. cxd4 Bb4+ 8. Bd2 Ne4 9. 0-0 0-0 10. a3 Bxd2 11. Nbxd2 Nxd2 12. Qxd2 d6 13. Rfe1 Be6 14. d5 Bg4 15. dxc6 Bxf3 16. gxf3 Qh4 17. Re4 Qh3 18. Qf4 bxc6 19. exd6 cxd6 20. Qxd6 Qxf3 21. Qf4 Qh3 22. Rae1 Rab8 23. Re7 Qh5 24. Qxb8 Qg4+ 25. Qg3 Qxc4 26. Re8 Qc5 27. Rxf8+ Qxf8 28. Qc7 h6 29. Qxc6 Kh7 30. Re8 1-0